| 000 | 00955cab a2200301 4500 | ||
|---|---|---|---|
| 001 | ABS59174 | ||
| 008 | 090401t1998 xxu||||| |||| 00| 0 eng d | ||
| 035 | _a(Sirsi) u88172 | ||
| 041 | _aeng | ||
| 100 | _aWhyte, C. | ||
| 245 | _aMore than bricks and mortar | ||
| 260 | _c1998 | ||
| 350 | _a0 | ||
| 490 |
_aMunicipal Journal _v14 August 1998, 22-23(2) |
||
| 520 | _aConsiders the recently released capital receipts, in the context of the total cost of repairs required to council houses. Reviews the situation in Manchester, Aberdeen and Merthyr Tydfil, and discusses the option of stock transfer. | ||
| 650 | _aABERDEEN | ||
| 650 | _aCAPITAL RECEIPTS | ||
| 650 | _aCOUNCIL HOUSES | ||
| 650 | _aHOUSING MANAGEMENT | ||
| 650 | _aHOUSING PARTNERSHIPS | ||
| 650 | _aMANCHESTER | ||
| 650 | _aMERTHYR TYDFIL | ||
| 650 | _aREPAIRS | ||
| 650 | _aSTOCK TRANSFER | ||
| 690 |
_aBlock management _96220 |
||
| 942 | _n0 | ||
| 948 | _c28/08/1998 | ||
| 999 |
_c55708 _d55708 |
||